000 00563nam a22001817a 4500
005 20170615114546.0
010 _aENG-118656
020 _a9788184656053
_c325.00
035 _aEN-102188
037 _bDBAD/PUB
082 _a280.3
100 _aBasumatary, Arjun
245 _aBado christians, the bodo movbement and nation building /
_cby Arjun Basumatary
260 _aDelhi
_bISPCK
_c2017
270 _aPost Box 1585, 1654, Madarsa Road, Kashmere Gate, Delhi-110006
300 _axxvii,211p
_c23cm.(pbk)
942 _2ddc
_cEN
_h280.3
_mBAS
999 _c141128
_d141128